| 000 | 00000nam 2200000za 4500 |
| 001 | 9.807415 |
| 003 | CaOODSP |
| 005 | 20221107140134 |
| 007 | cr ||||||||||| |
| 008 | 150407s2006||||onca||||o f00| 0 fre d |
| 040 | |aCaOODSP|bfre |
| 043 | |an-cn--- |
| 086 | 1 |aEn4-275/2006F-PDF |
| 245 | 00|aNe prenons pas l'eau pour acquis |h[ressource électronique] : |bguide de ressources - collection eau douce. |
| 260 | |a[Ottawa] : |bEnvironnement Canada, |cc2006. |
| 300 | |av. 216 p. : |bfigs., graphiques. |
| 500 | |a«Guide de ressources à l’intention des enseignants (Classes de 5e, 6e et 7e années).» |
| 710 | 1 |aCanada. |bEnvironnement Canada. |
| 775 | 08|tLet's not take water for granted |w(CaOODSP)9.807412 |
| 856 | 40|qPDF|s4.70 Mo|uhttps://publications.gc.ca/collections/collection_2015/ec/En4-275-2006-fra.pdf |